| 000 | 00631nam a2200241Ia 4500 | ||
|---|---|---|---|
| 003 | OSt | ||
| 005 | 20221005091827.0 | ||
| 006 | a|||||r|||| 00| 0 | ||
| 007 | ta | ||
| 008 | 221004b |||||||| |||| 00| 0 eng d | ||
| 024 | _a103648 | ||
| 037 | _cTextual | ||
| 040 |
_aCRL _cCRL _beng |
||
| 041 |
_2eng _aeng |
||
| 082 | _aB281, M6 | ||
| 100 |
_aDhillon Balbir S _9616579 |
||
| 245 | 0 | _aHuman reliability with human factors | |
| 260 |
_aNew York _bPergamon Press _c1986 |
||
| 500 | _aDSK Collection | ||
| 650 | _aMATHEMATICS | ||
| 942 |
_hB281, M6 _cTEXL _2cc |
||
| 999 |
_c997838 _d997838 |
||